00000000nam 2200000zi 4500
0019.954429
003CaOODSP
00520250822163708
006m     o  d f      
007cr mn|||||||||
008250822t20252025onca    o    f000 0 vie d
020 |a9780660761978
040 |aCaOODSP|bfre|erda|cCaOODSP
043 |an-cn---
0861 |aH14-619/2025Vie-PDF
24500|aBản thông tin về bệnh sởi.
250 |a[Édition vietnamienne].
264 1|a[Ottawa] : |b[Santé Canada = Health Canada], |c[2025]
264 4|c©2025
300 |a1 ressource en ligne (2 pages non numérotées) : |billustrations
336 |atexte|btxt|2rdacontent/fre
337 |ainformatique|bc|2rdamedia/fre
338 |aressource en ligne|bcr|2rdacarrier/fre
500 |aTitre de départ.
500 |aPublié aussi en français sous le titre : Feuillet de renseignements sur la rougeole.
546 |aTexte en vietnamien.
650 6|aRougeole|zCanada.
650 6|aRougeole|xFacteurs de risque|zCanada.
7101 |aCanada. |bSanté Canada, |eorganisme de publication.
77508|tFeuillet de renseignements sur la rougeole.|w(CaOODSP)9.938317
788 |tBản thông tin về bệnh sởi.|eeng|w(CaOODSP)9.948761
85640|qPDF|s338 Ko|uhttps://publications.gc.ca/collections/collection_2025/sc-hc/H14-619-2025-vie.pdf
986 |a240934